000 00263nam a22000977a 4500
008 240921b |||||||| |||| 00| 0 eng d
020 _a9789357288118
100 _aOswaal Books
245 _aCUET(UG) 10 Mock Test Papers (Chemistry
260 _aNew Delhi
_bOswaal Books
999 _c12690
_d12690